|
|
|
|
| LEADER |
00000nam2a2200000 4500 |
| 001 |
368871 |
| 005 |
20231102012127.0 |
| 035 |
|
|
|a (RuTPU)RU\TPU\retro\26253
|
| 035 |
|
|
|a RU\TPU\retro\26252
|
| 090 |
|
|
|a 368871
|
| 100 |
|
|
|a 20220421d1980 km y0rusy50 ca
|
| 101 |
0 |
|
|a rus
|
| 102 |
|
|
|a RU
|
| 105 |
|
|
|a a z 001zy
|
| 200 |
0 |
|
|a Ч. 3 : Описание контольного примера
|
| 210 |
|
|
|d 1980
|
| 215 |
|
|
|a 20 с.
|c ил.
|
| 320 |
|
|
|a Библиогр.: с. 18
|
| 461 |
|
1 |
|0 (RuTPU)RU\TPU\retro\26250
|t Методические материалы по разработке и применению системы конвертирования файлов - СКОФ
|f Ю. М. Горностаев, В. Ф. Захаркин
|g Международный центр научной и технической информации
|v Ч. 3 : Описание контольного примера
|n [Б. и.]
|d 1980
|s Методические материалы и документация по пакетам прикладных программ ; Вып. 5
|
| 606 |
1 |
|
|a Пакеты прикладных программ
|2 stltpush
|3 (RuTPU)RU\TPU\subj\47935
|9 66832
|
| 610 |
1 |
|
|a контрольные примеры
|
| 610 |
1 |
|
|a описание
|
| 610 |
1 |
|
|a выполнение
|
| 610 |
1 |
|
|a дистрибутивная магнитная лента
|
| 610 |
1 |
|
|a методические материалы
|
| 675 |
|
|
|a 681.3.068
|v 3
|
| 801 |
|
1 |
|a RU
|b 63413507
|c 20220421
|
| 801 |
|
2 |
|a RU
|b 63413507
|c 20220421
|g RCR
|
| 942 |
|
|
|c BK
|